Star Wars: Order 66 Survivors by Picture - Statistics

General Stats
  • This quiz has been taken 103 times
  • The average score is 21 of 57
Answer Stats
Picture Answer % Correct
Maul
97%
Yoda
97%
Obi-Wan Kenobi
96%
Ahsoka Tano
92%
Din Grogu
89%
The Grand Inquisitor
85%
Kanan Jarrus
84%
Cal Kestis
82%
Luminara Unduli
82%
Barriss Offee
71%
Jocasta Nu
70%
Quinlan Vos
70%
Reva Sevander
70%
Eeth Koth
68%
Masana Tide
62%
Seventh Sister
61%
Fifth Brother
59%
Trilla Suduri
56%
Gungi
51%
Oppo Rancisis
51%
Baylan Skoll
49%
Cere Junda
49%
Eighth Brother
43%
Lyn Rakish
42%
Tera Sinube
37%
Coleman Kcaj
35%
Taron Malicos
34%
Kelleran Beq
33%
Bode Akuna
29%
Eno Cordova
28%
Bil Valen
25%
First Brother
25%
Dagan Gera
16%
Prosset Dibs
16%
Dante
13%
Pablo-Jill
11%
Ferren Barr
10%
Iskat Akaris
9%
Kirak Infil'a
9%
Nari
9%
Tualon Yaluna
8%
Ahmar
6%
F
3%
Jed Uhron
3%
Juro
3%
Khandra
3%
Mususiel
3%
Nuhj
3%
Pan Delesec
3%
Rugal
3%
Tensu Run
3%
Velerie Tide
3%
Zubain Ankonori
3%
Elan
1%
Jee Ken Tsokee
1%
Mitaka
1%
Vanzell Mar-Klar
1%
No matching quizzes found
Score Distribution
Percent of People with Each Score
Percentile by Number Answered
Your Score History
You have not taken this quiz